[Event "Staufer op-A 30th"]
[Site "Schwaebisch Gmuend"]
[Date "2018.01.06"]
[Round "9"]
[White "Namyslo, Holger"]
[Black "Englert, Jon"]
[Result "1/2-1/2"]
[WhiteElo "2278"]
[BlackElo "2006"]
[PlyCount "80"]
[EventDate "2018.01.02"]
[EventType "swiss"]
[EventRounds "9"]
[EventCountry "GER"]
[SourceTitle "CBM 182 Extra"]
[Source "ChessBase"]
[SourceDate "2018.02.23"]
[SourceVersion "1"]
[SourceVersionDate "2018.02.23"]
[SourceQuality "1"]

1. e4 g6 2. d4 Bg7 3. Nf3 d6 4. Bc4 e6 5. 0-0 Nd7 6. Re1 Ne7 7. c3 0-0 8. Bf4 a6 9. Nbd2 b5 10. Bb3 Nb6 11. Qe2 Bb7 12. Rad1 Nc6 13. h3 Re8 14. e5 Na5 15. Bg5 Qd7 16. Ne4 Bxe4 17. Qxe4 Nxb3 18. axb3 h6 19. Bc1 d5 20. Qe3 Nc8 21. b4 a5 22. bxa5 Rxa5 23. Nd2 c6 24. Nb3 Ra2 25. Nc5 Qa7 26. Nd3 Qb7 27. g4 Nb6 28. Qg3 Qd7 29. Qh4 Kh7 30. Rf1 Ra7 31. f4 Qe7 32. Qg3 Rg8 33. Kh1 Nd7 34. Be3 Ra6 35. Rf3 f5 36. Rg1 Bf8 37. gxf5 exf5 38. Qg2 Qe6 39. h4 h5 40. Kh2 Be7 1/2-1/2

[Event "Heusenstamm Sparkassen op-A 4th"]
[Site "Heusenstamm"]
[Date "2017.11.23"]
[Round "1"]
[White "Englert, Jon"]
[Black "Nikolov, Momchil"]
[Result "0-1"]
[WhiteElo "2002"]
[BlackElo "2561"]
[PlyCount "90"]
[EventDate "2017.11.23"]
[EventType "swiss"]
[EventRounds "7"]
[EventCountry "GER"]
[SourceTitle "EXT 2019"]
[Source "ChessBase"]
[SourceDate "2018.10.10"]
[SourceVersion "1"]
[SourceVersionDate "2018.10.10"]
[SourceQuality "1"]

1. d4 Nf6 2. c4 e6 3. Nc3 c5 4. d5 exd5 5. cxd5 d6 6. Nf3 g6 7. e4 a6 8. a4 Bg4 9. h3 Bxf3 10. Qxf3 Bg7 11. Be2 0-0 12. 0-0 Nbd7 13. Re1 Rb8 14. Bf1 Ne8 15. Qg3 Nc7 16. Bg5 f6 17. Bf4 Ne5 18. Bc1 b5 19. f4 Nd7 20. axb5 axb5 21. Ra7 Re8 22. f5 Ne5 23. fxg6 hxg6 24. Bf4 Re7 25. Rea1 g5 26. Bd2 Nf7 27. Qf3 Ne5 28. Qg3 Nf7 29. Qf3 Re5 30. g4 Qc8 31. Nd1 Rb7 32. Rxb7 Qxb7 33. Nf2 Re8 34. Bc3 b4 35. Bxf6 Ne5 36. Bxe5 Rxe5 37. Ra2 Re8 38. b3 Rf8 39. Qe3 Rf4 40. h4 Bd4 41. Qd3 Qc8 42. e5 Qxg4+ 43. Bg2 Qxh4 44. Qf1 Bxe5 45. Qe1 g4 0-1

[Event "GER-ch U25-A"]
[Site "Willingen"]
[Date "2017.06.06"]
[Round "4"]
[White "Diegel, Jonas"]
[Black "Englert, Jon"]
[Result "0-1"]
[WhiteElo "1799"]
[BlackElo "1988"]
[PlyCount "100"]
[EventDate "2017.06.04"]
[EventType "swiss"]
[EventRounds "9"]
[EventCountry "GER"]
[SourceTitle "CBM 178 Extra"]
[Source "ChessBase"]
[SourceDate "2017.06.22"]
[SourceVersion "1"]
[SourceVersionDate "2017.06.22"]
[SourceQuality "1"]

1. d4 Nf6 2. c4 g6 3. Nf3 Bg7 4. Nc3 0-0 5. e3 d6 6. Be2 Nbd7 7. 0-0 e5 8. b3 Re8 9. Qc2 Qe7 10. dxe5 Nxe5 11. Bb2 Bf5 12. Qd2 Rad8 13. Rad1 Nfg4 14. Nd5 Qd7 15. Nd4 c6 16. Nxf5 Qxf5 17. Nf4 Nf6 18. Nd3 h5 19. Nxe5 dxe5 20. Qxd8 Rxd8 21. Rxd8+ Kh7 22. h3 Qc2 23. Bc1 Qxa2 24. Bd1 Qa5 25. Rd2 Qb4 26. Ra2 Qb6 27. Bc2 Nd7 28. Bd2 a6 29. Rb1 Qc7 30. Bc3 Qd6 31. Rd1 Qe7 32. Raa1 Nf8 33. Rd2 Qc5 34. Ra5 Qe7 35. Ra1 f5 36. f3 Qc5 37. Kf2 f4 38. Rd3 fxe3+ 39. Ke2 Ne6 40. Rxe3 Nd4+ 41. Bxd4 exd4 42. Rd3 b5 43. Ra2 bxc4 44. bxc4 Qxc4 45. Bb3 Qb5 46. Ra4 Qg5 47. Kf2 Be5 48. Rxa6 Bg3+ 49. Ke2 Qe5+ 50. Kd1 Qe1+ 0-1

[Event "GER-ch U25-A"]
[Site "Willingen"]
[Date "2017.06.06"]
[Round "5"]
[White "Englert, Jon"]
[Black "Weinkauf, Viktor"]
[Result "1/2-1/2"]
[WhiteElo "1988"]
[BlackElo "1781"]
[PlyCount "71"]
[EventDate "2017.06.04"]
[EventType "swiss"]
[EventRounds "9"]
[EventCountry "GER"]
[SourceTitle "CBM 178 Extra"]
[Source "ChessBase"]
[SourceDate "2017.06.22"]
[SourceVersion "1"]
[SourceVersionDate "2017.06.22"]
[SourceQuality "1"]

1. d4 Nf6 2. c4 c5 3. d5 e5 4. Nc3 d6 5. e4 Be7 6. Nge2 Nbd7 7. g3 0-0 8. Bh3 Nh5 9. 0-0 Ndf6 10. Bxc8 Qxc8 11. Kg2 g6 12. f4 exf4 13. Nxf4 Ng7 14. Nd3 Nd7 15. Bf4 g5 16. Be3 Bf6 17. Qd2 Bxc3 18. Qxc3 f6 19. Rae1 h6 20. Bc1 Ne5 21. Nxe5 fxe5 22. Rxf8+ Qxf8 23. Rf1 Qe7 24. Qf3 Rf8 25. Qxf8+ Qxf8 26. Rxf8+ Kxf8 27. h4 gxh4 28. Bxh6 hxg3 29. Kxg3 Kf7 30. Kg4 Ne8 31. Bg5 Nf6+ 32. Bxf6 Kxf6 33. a3 b6 34. a4 Kg6 35. Kh4 Kh6 36. Kg4 1/2-1/2

[Event "GER-ch U25-A"]
[Site "Willingen"]
[Date "2017.06.04"]
[Round "2"]
[White "Schumann, Oliver"]
[Black "Englert, Jon"]
[Result "1/2-1/2"]
[WhiteElo "1799"]
[BlackElo "1988"]
[PlyCount "50"]
[EventDate "2017.06.04"]
[EventType "swiss"]
[EventRounds "9"]
[EventCountry "GER"]
[SourceTitle "CBM 178 Extra"]
[Source "ChessBase"]
[SourceDate "2017.06.22"]
[SourceVersion "1"]
[SourceVersionDate "2017.06.22"]
[SourceQuality "1"]

1. e4 c5 2. Nf3 d6 3. d4 cxd4 4. Nxd4 Nf6 5. Nc3 g6 6. Be3 Bg7 7. f3 a6 8. Qd2 Nbd7 9. 0-0-0 h5 10. Nb3 b5 11. Kb1 Bb7 12. Bd4 Qc7 13. Bd3 0-0-0 14. Qe2 e5 15. Bf2 Nc5 16. a3 Rd7 17. Rhe1 Rhd8 18. Be3 Kb8 19. Qf2 Rc8 20. Rf1 Bf8 21. Rfe1 Be7 22. Ka1 Rg8 23. Kb1 h4 24. Bf1 Rc8 25. g3 hxg3 1/2-1/2

[Event "GER-chT Lands U20"]
[Site "Hannover"]
[Date "2016.10.04"]
[Round "6.6"]
[White "Englert, Jon"]
[Black "Morio, Estelle"]
[Result "1-0"]
[WhiteElo "1886"]
[BlackElo "1774"]
[PlyCount "21"]
[EventDate "2016.10.01"]
[EventType "team-swiss"]
[EventRounds "7"]
[EventCountry "GER"]
[SourceTitle "CBM 174 Extra"]
[Source "ChessBase"]
[SourceDate "2016.10.10"]
[SourceVersion "1"]
[SourceVersionDate "2016.10.10"]
[SourceQuality "1"]
[WhiteTeam "Bayern"]
[BlackTeam "Rheinland Pfalz"]
[WhiteTeamCountry "GER"]
[BlackTeamCountry "GER"]

1. e4 d6 2. d4 Nf6 3. Nc3 Nbd7 4. g4 h6 5. h3 e5 6. Nge2 c6 7. Bg2 b5 8. a3 a5 9. 0-0 Ba6 10. Be3 Qc7 11. f4 1-0